000 00367nam a2200145Ia 4500
008 210210b2000 xxu||||| |||| 00| 0 eng d
082 _a070.433K VITN
100 _aVITHALAMURTI (Ar Ti).
245 _aNettara kaniveyalli.
260 _aBengaluru.
_bAi Bi Ech Prakashana
_c2000
300 _axiii,77
650 _aKargil
690 _aJournalism
906 _aSG03397
999 _c114348
_d114348